| 000 | 00478nam a22001577a 4500 | ||
|---|---|---|---|
| 999 |
_c121704 _d121704 |
||
| 005 | 20210318111321.0 | ||
| 008 | 210318b ||||| |||| 00| 0 eng d | ||
| 040 | _cPK-LaUMT | ||
| 082 |
_aRHC 892.7 _bALI-A |
||
| 100 | _aAli Ahmad Riffat = علی احمد رفعت | ||
| 245 |
_aArabi adb = عربی ادب/ _cby Ali Ahmad Riffat = علی احمد رفعت |
||
| 260 |
_aBahawalpur : _bUrdu Academy, _c1962 |
||
| 300 | _a360 p. | ||
| 650 | _aArabi literature | ||
| 942 | _cBK | ||